00834nam a2200229 i 4500001001000000003000900010005001700019007000300036008004100039020001500080040003000095082000700125100003000132245014100162264007100303300002800374336002700402337003300429338002800462490002300490500009100513000038218DO-SdBNP20240111141836.0ta130322s1980 dr 000 0 spa d a8489525064 aDO-SdBNPbspacBNPHUerda 42221 aOrtega, Manuel M.,eautor10aUtilización de investigaciones en República Dominicana :bel caso de la Encuesta Nacional de Fecundidad de 1975 /cManuel M. Ortega. aSanto Domingo :bInstituto Tecnológico de Santo Domingo ,c1980. a147 páginas ;c22 cm. 2rdacontentatextobtxt 2rdamediaasin mediaciónbn 2rdacarrieravolumenbnc aInvestigacionesv1 aInvestigación realizada con el patrocinio de la Rockefeller Foundation de Nueva York